Лабораторный практикум по гидравлике: руководство и методические указания по проведению лабораторных работ по гидравлике (для студентов заочного и вечернего обучения)

Bibliographic Details
Main Author: Вильнер Я. М. Яков Моисеевич
Corporate Author: Белорусский политехнический институт
Other Authors: Вопнярский И. П. Иосиф Пинкосович (редактор), Ковалев Я. Т. Яков Тимофеевич
Language:Russian
Published: Минск, Изд-во Министерства высшего и проф. образования БССР, 1961
Subjects:
Format: MixedMaterials Book
KOHA link:https://koha.lib.tpu.ru/cgi-bin/koha/opac-detail.pl?biblionumber=110223

MARC

LEADER 00000nam0a2200000 4500
001 110223
005 20231101214924.0
035 |a (RuTPU)RU\TPU\book\119031 
090 |a 110223 
100 |a 20070220d1961 m y0rusy50 ca 
101 0 |a rus 
102 |a BY 
105 |a a z 001zy 
200 1 |a Лабораторный практикум по гидравлике  |e руководство и методические указания по проведению лабораторных работ по гидравлике (для студентов заочного и вечернего обучения)  |f Я. М. Вильнер, И. П. Вопнярский, Я. Т. Ковалев  |g Белорусский политехнический институт ; под ред. Я. Т. Ковалева, Я. М. Вильнера 
210 |a Минск  |c Изд-во Министерства высшего и проф. образования БССР  |d 1961 
215 |a 131 с.  |c ил. 
320 |a Литература: с. 129-130. 
610 1 |a лабораторные практикумы 
610 1 |a руководства 
610 1 |a методические указания 
610 1 |a гидравлика 
675 |a 532(076.5)  |v 3 
700 1 |a Вильнер  |b Я. М.  |g Яков Моисеевич 
701 1 |a Вопнярский  |b И. П.  |g Иосиф Пинкосович 
701 1 |a Ковалев  |b Я. Т.  |g Яков Тимофеевич 
702 1 |a Ковалев  |b Я. Т.  |g Яков Тимофеевич  |4 340 
702 1 |a Вильнер  |b Я. М.  |g Яков Моисеевич  |4 340 
712 0 2 |a Белорусский политехнический институт  |2 stltpush  |3 (RuTPU)RU\TPU\col\9062  |9 24646 
801 1 |a RU  |b 63413507  |c 20070220  |g PSBO 
801 2 |a RU  |b 63413507  |c 20080702  |g PSBO 
942 |c BK